| Tag |
First Indicator |
Second Indicator |
Subfields |
| LEADER |
00000pam a2200000 a 4500 |
| 001 |
in00000070141 |
| 005 |
20171101155128.0 |
| 008 |
810113r1981 maua j 00011 engm |
| 010 |
|
|
|a 80066217
|
| 020 |
|
|
|a 0879233389 :
|c $10.95
|
| 035 |
|
|
|a (OCoLC)07206497
|
| 035 |
|
|
|9 AAJ8430AM
|
| 039 |
0 |
|
|a 2
|b 3
|c 3
|d 3
|e 3
|
| 040 |
|
|
|a DLC
|c DLC
|d m.c.
|d TXA
|d UtOrBLW
|
| 049 |
|
|
|a TXAS
|c [1702088]
|
| 050 |
0 |
0 |
|a PZ7.K36
|b Ne 1981
|
| 082 |
0 |
|
|a [Fic]
|2 19
|
| 100 |
1 |
|
|a Keneally, Thomas.
|
| 245 |
1 |
0 |
|a Ned Kelly & the city of the bees /
|c Thomas Keneally ; illustrated by Stephen Ryan.
|
| 250 |
|
|
|a 1st U.S. ed.
|
| 264 |
|
1 |
|a Boston :
|b D. R. Godine,
|c 1981
|
| 264 |
|
4 |
|c ©1978
|
| 300 |
|
|
|a 120 pages :
|b illustrations ;
|c 22 cm.
|
| 336 |
|
|
|a text
|b txt
|2 rdacontent
|
| 337 |
|
|
|a unmediated
|b n
|2 rdamedia
|
| 338 |
|
|
|a volume
|b nc
|2 rdacarrier
|
| 520 |
|
|
|a During a bout of appendicitis Ned Kelly is reduced to the size of a bee and spends the summer in a beehive.
|
| 650 |
|
1 |
|a Bees
|x Fiction.
|
| 700 |
1 |
|
|a Ryan, Stephen
|c (illustrator)
|
| 999 |
|
|
|a MARS
|
| 999 |
f |
f |
|s ee2d07c8-d882-3415-b940-2f7cc8af1cde
|i 3e6ebd06-6661-32cc-9c13-312dd4126589
|t 0
|
| 952 |
f |
f |
|p noncirc
|a Texas A&M University
|b College Station
|c Cushing Memorial Library & Archives
|d Cushing: Science Fiction (Does not check out)
|t 0
|e PZ7.K36 Ne 1981
|h Library of Congress classification
|i unmediated -- volume
|m A14806069407
|
| 952 |
f |
f |
|p ric
|a Texas A&M University
|b Rellis Campus
|c Joint Library Facility
|d Remote Storage
|t 0
|e PZ7.K36 Ne 1981
|h Library of Congress classification
|i unmediated -- volume
|m A14806012777
|
| 998 |
f |
f |
|a PZ7.K36 Ne 1981
|t 0
|l Cushing: Science Fiction (Does not check out)
|
| 998 |
f |
f |
|a PZ7.K36 Ne 1981
|t 0
|l Remote Storage
|